Les difficultés de creátion d'une industrie pharmaceutique en Afrique.
Zakladanie farmaceutického priemyslu v Afrike a jeho podmienky. Kvalita, náklady na lieky a na ich výskum. Konkurencia a súčasné problémy. 80 perc. liekov sa dováža. Výroba liekov v JAR, Egypte, Maroku a Nigérii. 17 krajín s nízkou domácou výrobou. Používanie liekov. (Marchés tropicaux et méditerran...
Gespeichert in:
| 1. Verfasser: | |
|---|---|
| Weitere Verfasser: | |
| Format: | Buchkapitel |
| Sprache: | Französisch |
| Schlagworte: | |
| Tags: |
Keine Tags, Fügen Sie das erste Tag hinzu!
|
MARC
| LEADER | 00000naa a2200000 4500 | ||
|---|---|---|---|
| 001 | r004224 | ||
| 005 | 20221125091622.7 | ||
| 041 | 0 | |a fre | |
| 044 | |a FR | ||
| 245 | 1 | 0 | |a Les difficultés de creátion d'une industrie pharmaceutique en Afrique. |c H. Deval, B. Chatel |
| 520 | |a Zakladanie farmaceutického priemyslu v Afrike a jeho podmienky. Kvalita, náklady na lieky a na ich výskum. Konkurencia a súčasné problémy. 80 perc. liekov sa dováža. Výroba liekov v JAR, Egypte, Maroku a Nigérii. 17 krajín s nízkou domácou výrobou. Používanie liekov. (Marchés tropicaux et méditerranéens 1990, č.2343). | ||
| 610 | 2 | 0 | |a priemysel farmaceutický |
| 610 | 2 | 0 | |a Afrika |
| 610 | 2 | 0 | |a liečivá |
| 610 | 2 | 0 | |a konkurencia |
| 610 | 2 | 0 | |a dovoz |
| 100 | 1 | |a Deval, H. | |
| 700 | 1 | |a Chatel, B. | |